Statistics for Countries by Picture #3

Click here to take the quiz!

General Stats

  • This quiz has been taken 16,691 times
  • The average score is 11 of 15

Answer Stats

Answer % Correct
United States
95%
France
91%
Netherlands
85%
Spain
83%
Tanzania / Kenya
82%
Vatican City
79%
Austria
74%
Jordan
71%
Cuba
67%
Hungary
59%
Argentina
56%
Ireland
55%
Iran
54%
Croatia
51%
Taiwan
50%

Score Distribution

Percentile by Number Answered

Percent of People with Each Score

Your Score History

You have not taken this quiz